000 00618nam a22002297a 4500
003 UA-OsUOA
001 80316
007 ta
008 20111206b un ||||| |||| 00| 0 ukr d
100 _aУгляренко П.В.
090 _a821.161.2
_bУ25
942 _cBK
040 _aUA-OsUOA
_bukr
_cUA-OsUOA
_dUA-OsUOA
245 _aДовгий шлях до озер
_bроман
300 _a378 с.
955 _a3
041 _aukr
080 _a821.161.2
260 _aУжгород
_bКарпати
_c1979
650 7 _a82 Література. Літературознавство
_2UDC
999 _c366631
_d366631